| 000 | 00355 a2200133 4500 | ||
|---|---|---|---|
| 005 | 20250522132428.0 | ||
| 020 | _a9781483955476 | ||
| 082 | _a658.4 | ||
| 100 | _aSMALLWOOD, R. F. | ||
| 245 | _aElectronic Records Management: International & National Standards | ||
| 260 |
_aNew York, _bImerge Consulting, _c2013 |
||
| 300 |
_a65p.; _c27cm. |
||
| 942 |
_2ddc _cBKS |
||
| 999 |
_c2519 _d2519 |
||